Đang tải...

ഒരിടത്തുമെത്താത്തവർ /

Chi tiết về thư mục
Tác giả chính: കുമാരൻ, യു.കെ. 1950 -
Định dạng: Printed Book
Ngôn ngữ:Malayalam
Được phát hành: യു കെ കുമാരൻ, 1979.
Những chủ đề:
LEADER 00832nam a2200193Ia 4500
008 111205s1979 ii 000 f mal d
041 |a mal 
082 |a 853.4K2 
100 |a കുമാരൻ, യു.കെ.   |9 1580577  |d 1950 - 
245 |a ഒരിടത്തുമെത്താത്തവർ /  |c യു കെ കുമാരൻ 
246 |a Oridathumetthatthavar /  |h Malayalam 
260 |b യു കെ കുമാരൻ,  |c 1979. 
300 |a 191pages. 
546 |a In Malayalam. 
650 7 |2 fast  |9 1178016  |a Short stories, Malayalam 
942 |c BK 
999 |c 223532  |d 223532 
952 |0 1  |1 0  |4 0  |7 0  |9 104728  |a UL  |b UL  |c ST1  |d 2014-06-03  |l 0  |p 47016  |r 2014-06-03  |y BK 
952 |0 0  |1 0  |2 ddc  |4 0  |6 853_000000000000000_4K2_ORI  |7 0  |9 246813  |a MAL  |b MAL  |c ST1  |d 1987-06-17  |g 9.00  |l 2  |o 853.4K2 ORI  |p MAL19968  |r 2016-03-29  |s 2016-02-15  |v 9.00  |w 2011-12-05  |y BK